Guru granth ratnavali / (Record no. 136929)

MARC details
000 -LEADER
fixed length control field 00578nam a2200205 4500
003 - CONTROL NUMBER IDENTIFIER
control field OSt
005 - DATE AND TIME OF LATEST TRANSACTION
control field 20170124110311.0
008 - FIXED-LENGTH DATA ELEMENTS--GENERAL INFORMATION
fixed length control field 160907b xxu||||| |||| 00| 0 eng d
010 ## - LIBRARY OF CONGRESS CONTROL NUMBER
LC control number 740211
035 ## - SYSTEM CONTROL NUMBER
System control number 740211
037 ## - SOURCE OF ACQUISITION
Source of stock number/acquisition Cen Lib / Ret
040 ## - CATALOGING SOURCE
Original cataloging agency DPL
Language of cataloging En
Transcribing agency TIT
082 ## - DEWEY DECIMAL CLASSIFICATION NUMBER
Classification number 260.45
Item number GUR
245 ## - TITLE STATEMENT
Title Guru granth ratnavali /
260 ## - PUBLICATION, DISTRIBUTION, ETC. (IMPRINT)
Place of publication, distribution, etc Patiala
Name of publisher, distributor, etc Punjabi University
270 ## - ADDRESS
Address Sardar Amrik Singh Registrar Punjabi University Patiala
City Patiala
300 ## - PHYSICAL DESCRIPTION
Extent 192p
Other physical details 27cm(Hb)
650 ## - SUBJECT ADDED ENTRY--TOPICAL TERM
Topical term or geographic name as entry element Adi-Granth.
9 (RLIN) 143390
942 ## - ADDED ENTRY ELEMENTS (KOHA)
Source of classification or shelving scheme Dewey Decimal Classification
Koha item type English Books
Classification part 260.45
Call number suffix GUR
Holdings
Withdrawn status Lost status Source of classification or shelving scheme Damaged status Not for loan Home library Current library Date acquired Source of acquisition Total Checkouts Full call number Barcode Date last seen Price effective from Koha item type
    Dewey Decimal Classification     Central Library Central Library 12/03/2016 Cen Lib/Ret   260.45 GUR 740211 12/03/2016 12/03/2016 English Books

© Delhi Public Library
Hit Counter
free hit counter